MARC

LEADER 00000nam0a2200000 4500
001 232080
005 20231101231135.0
035 |a (RuTPU)RU\TPU\book\253111 
090 |a 232080 
100 |a 20130208d1964 m y0rusy50 ca 
101 0 |a rus 
102 |a RU 
105 |a a z 001zy 
200 1 |a Новое в области инструментальных сталей  |f Ю. А. Геллер  |g Научно-техническое общество машиностроительной промышленности 
210 |a Москва  |d 1964 
215 |a 58 с.  |c ил. 
225 1 |a Общественный университет 
320 |a Библиогр.: с. 40. 
606 |a Металлообработка в целом  |2 stltpush  |3 (RuTPU)RU\TPU\subj\42494  |9 62160 
610 1 |a сталь 
610 1 |a штамповка 
610 1 |a листовая прокатка 
610 1 |a инструментальные стали 
610 1 |a легирование 
610 1 |a производительность 
610 1 |a классификация 
675 |a 621.7м143  |v 3 
700 1 |a Геллер  |b Ю. А.  |g Юлий Александрович 
712 0 2 |a Научно-техническое общество машиностроительной промышленности  |2 stltpush  |3 (RuTPU)RU\TPU\col\8341  |9 24512 
801 1 |a RU  |b 63413507  |c 20130208 
801 2 |a RU  |b 63413507  |c 20130208  |g RCR 
942 |c BK